00699 a2200169 4500003000500000005001700005010001600022020001700038040000900055082001700064245011700081260005200198300002900250505019300279650003400472700002300506Nust20221128165915.0 a 75021855 a0810457776 : cNust00a621.3815,MIC00aMicroprocessors :bnew directions for designers, selected from Electronic design /cedited by Edward A. Torrero. aRochelle Park, N.J. :bHayden Book Co.,cc1975. a135 p. :bill. ;c28 cm. aIndustry Enters The Microprocessor Era (Page-3), Getting Started: Microprocessor Basics (Page-33), Grappling With Microprocessor Limitations (Page-81), Applying Microprocessors (Page-105). 0aTelecommunication engineering1 aTorrero, Edward A.